Energía y equidad /

Obra sobre el uso del tema de la crisis energética en el mundo con fines políticos y económicos, y su relación con los problemas sociales actuales: crecimiento de la población, aprovechamiento de la energía escasa, y subdesarrollo. Según el autor, al difundir en el mundo de los países pobres el temo...

Descripció completa

Guardat en:
Dades bibliogràfiques
Autor principal: Illich, Iván (autor)
Format: Llibre
Idioma:espanyol
Publicat: Barcelona, España : Barral, 1974, c1974
Col·lecció:(Breve Biblioteca de Respuesta ; 12)
Matèries:
Etiquetes: Afegir etiqueta
Sense etiquetes, Sigues el primer a etiquetar aquest registre!

MARC

LEADER 00000nam^a2200000^a^4500
001 000171860
005 20250521000000.0
009 20260526125713.653
020 |a 84-211-0312-1 
037 |a Acervo ITESO - Biblioteca 
041 |a ESP 
082 |a 333. 79  |b ILL 
100 |a Illich, Iván  |e (autor) 
245 1 0 |a Energía y equidad /  |c I. Illich ; tr. por Matea P. de Gossmans. 
264 4 |a Barcelona, España :  |b Barral,  |c 1974, c1974 
300 |a 92 p. 
336 |a texto  |b txt  |2 rdacontenido 
337 |a sin mediación  |b n  |2 rdamedio 
338 |a volumen  |b nc  |2 rdasoporte 
440 1 |a (Breve Biblioteca de Respuesta ;  |v 12) 
500 |a Traducción de: Energy and Equity 
520 |a Obra sobre el uso del tema de la crisis energética en el mundo con fines políticos y económicos, y su relación con los problemas sociales actuales: crecimiento de la población, aprovechamiento de la energía escasa, y subdesarrollo. Según el autor, al difundir en el mundo de los países pobres el temor de la insuficiencia de energía, los países ricos les obligan a optar por una pobreza modernizada donde no sólo deben afrontar las consecuencias del crecimiento industrial de éstos, sino el agotamiento de sus propios recursos y la contaminación del ambiente. 
649 |a XX 
650 |a Recursos Energéticos 
650 |a Desarrollo Económico-Social 
650 |a Impacto Ambiental 
650 |a Contaminación Ambiental 
650 |a Medio Ambiente 
650 |a Tecnología y Sociedad 
650 |a Desarrollo Tecnológico 
650 |a Igualdad y Desigualdad 
650 |a Pobreza 
650 |a Problemas Sociales 
650 |a Países Subdesarrollados 
650 |a Países Desarrollados 
650 |a Política 
650 |a Sociología de la Economía 
650 |a Economía 
910 |a Fondo Armando Suárez Gómez 
920 |a Impresos - Libros 
930 |a Fondos Especiales 
905 |a 111 
901 |a 0700003721  |b IT2  |c ESP  |u 20250521 
902 |a https://opac.biblio.iteso.mx/vufind/Record/000171860